Southville International School and Colleges
Your cart is empty.
  • Cart
  • Lists
    Public lists Eva Luna New books Lux_list list_1
    Your lists Log in to create your own lists
  • Log in to your account
  • Your cookies
  • Search history
Southville International School and Colleges
  • Advanced search
  • Recent comments
  • Most popular
  • Libraries

Log in to your account

Log in with GOOGLE


If you do not have an external account, but do have a local account, you can still log in:

  1. Home
  2. MARC view: The science fair from the Black Lagoon /
Normal view MARC view ISBD view

The science fair from the Black Lagoon / (Record no. 34109)

[ view plain ]
MARC details
000 -LEADER
fixed length control field 01224cam a22003613a 4500
003 - CONTROL NUMBER IDENTIFIER
control field OSt
005 - DATE AND TIME OF LATEST TRANSACTION
control field 20140310184411.0
008 - FIXED-LENGTH DATA ELEMENTS--GENERAL INFORMATION
fixed length control field 040428s2004 nyua j 000 1 eng d
010 ## - LIBRARY OF CONGRESS CONTROL NUMBER
LC control number 2004596604
020 ## - INTERNATIONAL STANDARD BOOK NUMBER
International Standard Book Number 0439557178 (pbk.)
035 ## - SYSTEM CONTROL NUMBER
System control number (OCoLC)ocm55042600
040 ## - CATALOGING SOURCE
Original cataloging agency XWS
Transcribing agency XWS
Modifying agency OCLCQ
-- DLC
042 ## - AUTHENTICATION CODE
Authentication code lccopycat
050 ## - LIBRARY OF CONGRESS CALL NUMBER
Classification number PZ 7
Item number .T365s4 2004
100 1# - MAIN ENTRY--PERSONAL NAME
Personal name Thaler, Mike,
Dates associated with a name 1936-
9 (RLIN) 26175
245 14 - TITLE STATEMENT
Title The science fair from the Black Lagoon /
Statement of responsibility, etc Mike Thaler ; illustrated by Jared Lee.
260 ## - PUBLICATION, DISTRIBUTION, ETC. (IMPRINT)
Place of publication, distribution, etc New York :
Name of publisher, distributor, etc Scholastic Inc.,
Date of publication, distribution, etc 2004.
300 ## - PHYSICAL DESCRIPTION
Extent 64 p. :
Other physical details ill. ;
Dimensions 20 cm.
440 #0 - SERIES STATEMENT/ADDED ENTRY--TITLE
Title Little apple
9 (RLIN) 4142
490 0# - SERIES STATEMENT
Series statement Black Lagoon adventures ;
Volume number/sequential designation #4
521 ## - TARGET AUDIENCE NOTE
Target audience note
526 ## - STUDY PROGRAM INFORMATION NOTE
Reading level 670
650 #0 - SUBJECT ADDED ENTRY--TOPICAL TERM
Topical term or geographic name as entry element Science fairs
Form subdivision Fiction.
9 (RLIN) 26176
655 #7 - INDEX TERM--GENRE/FORM
Genre/form data or focus term Fantasy fiction.
Source of term gsafd
9 (RLIN) 3053
655 #7 - INDEX TERM--GENRE/FORM
Genre/form data or focus term Adventure fiction.
Source of term gsafd
9 (RLIN) 3061
700 1# - ADDED ENTRY--PERSONAL NAME
Personal name Lee, Jared D.
9 (RLIN) 26094
710 2# - ADDED ENTRY--CORPORATE NAME
Corporate name or jurisdiction name as entry element Copyright Paperback Collection (Library of Congress)
Institution to which field applies DLC
9 (RLIN) 705
856 42 - ELECTRONIC LOCATION AND ACCESS
Materials specified Publisher description
Uniform Resource Identifier <a href="http://www.loc.gov/catdir/description/schol051/2004596604.html">http://www.loc.gov/catdir/description/schol051/2004596604.html</a>
906 ## - LOCAL DATA ELEMENT F, LDF (RLIN)
a 7
b cbc
c copycat
d 2
e ncip
f 20
g y-genrareb
942 ## - ADDED ENTRY ELEMENTS (KOHA)
Source of classification or shelving scheme Library of Congress Classification
Koha item type
Holdings
Withdrawn status Lost status Source of classification or shelving scheme Damaged status Home library Current library Shelving location Date acquired Total Checkouts Full call number Barcode Date last seen Copy number Price effective from Koha item type
    Library of Congress Classification   Luxembourg Library Luxembourg Library Scholastic Reading Center Section 10/08/2013   PZ 7 .T365s4 2004 LEX2219 04/18/2017 1 10/08/2013 Books
    Library of Congress Classification   Luxembourg Library Luxembourg Library Scholastic Reading Center Section 10/11/2013   PZ 7 .T365s4 2004 LEX2195 04/18/2017 2 10/11/2013 Books

The science fair from the Black Lagoon /

APA

Thaler M., Lee J. D. & Copyright Paperback Collection (Library of Congress). (2004). The science fair from the Black Lagoon. New York: Scholastic Inc.

Chicago

Thaler Mike, Lee Jared D and Copyright Paperback Collection (Library of Congress). 2004. The science fair from the Black Lagoon. New York: Scholastic Inc.

Harvard

Thaler M., Lee J. D. and Copyright Paperback Collection (Library of Congress). (2004). The science fair from the Black Lagoon. New York: Scholastic Inc.

MLA

Thaler Mike, Lee Jared D and Copyright Paperback Collection (Library of Congress). The science fair from the Black Lagoon. New York: Scholastic Inc. 2004.

  • Place hold
  • Print
  • Cite
  • Add to your cart (remove)
  • Save record
    BIBTEX Dublin Core MARCXML MARC (non-Unicode/MARC-8) MARC (Unicode/UTF-8) MARC (Unicode/UTF-8, Standard) MODS (XML) RIS
  • More searches
    Search for this title in:
    Other Libraries (WorldCat) Other Databases (Google Scholar) Online Stores (Bookfinder.com) Open Library (openlibrary.org)

Exporting to Dublin Core...

SOUTHVILLE LIBRARY

Southville International School and Colleges Library

1281 Tropical Ave. Cor. Luxembourg St., BF Homes International, Las Pinas City

Tel. No. 8256374 / 252358 Loc. 117/146

Powered by Koha